Capital pairs - Statistics

General Stats
  • This quiz has been taken 1,286 times
  • The average score is 22 of 46
Answer Stats
Clue Answer % Correct
J____A Jakarta
80%
B____K Bangkok
78%
L___N London
76%
W___N Washington
68%
W___N Wellington
66%
L___N Lisbon
65%
P___S Paris
65%
D____I Dili
63%
B____K Bishkek
62%
B____U Baku
60%
C____S Caracas
60%
A____N Amman
59%
D____I Djibouti
58%
H____I Hanoi
57%
Y___N Yerevan
57%
N___I New Delhi
56%
B____S Brussels
53%
H____I Helsinki
53%
A____S Athens
52%
N___I Nairobi
51%
T___N Tallinn
51%
B____S Buenos Aires
47%
K___A Kampala
46%
M___E Male
46%
J____A Juba
45%
K___A Kinshasa
45%
Y___N Yaren
44%
A____S Algiers
43%
T___N Tehran
43%
K___N Kingston
42%
K___N Kingstown
42%
A____N Asuncion
40%
M___U Mogadishu
35%
M___U Maseru
34%
P___E Prague
33%
P___Y Panama City
31%
P___O Paramaribo
30%
P___Y Port Moresby
29%
P___O Porto Novo
29%
P___E Port au Prince
28%
C____S Castries
27%
B____U Bissau
25%
S___S Saint Johns
23%
M___E Mbabane
22%
S___S Saint Georges
22%
P___S Port Louis
19%
No matching quizzes found
Score Distribution
Percent of People with Each Score
Percentile by Number Answered
Your Score History
You have not taken this quiz